Guess Notable Players From NBA Draft Classes - Statistics

General Stats
  • This quiz has been taken 10 times
  • The average score is 97 of 124
Answer Stats
Draft Class: Drafted By: Player % Correct
1996 Philladelphia 76ers Allen Iverson
100%
2012 New Orleans Hornets/Pelicans Anthony Davis
100%
2016 Philladelphia 76ers Ben Simmons
100%
1956 St. Louis/Atlanta Hawks Bill Russell
100%
2009 Los Angeles Clippers Blake Griffin
100%
2012 Washington Wizards Bradley Beal
100%
2003 Denver Nuggets Carmelo Anthony
100%
2003 Toronto Raptors Chris Bosh
100%
2005 New Orleans Hornets/Pelicans Chris Paul
100%
1975 Atlanta Hawks David Thompson
100%
2010 Sacramento Kings DeMarcus Cousins
100%
2009 Toronto Raptors DeMar DeRozan
100%
2008 Chicage Bulls Derrick Rose
100%
1998 Dallas Mavericks Dirk Nowitzki
100%
2003 Miami Heat Dwayne Wade
100%
2013 Milwaukee Bucks Giannis Antetokounmpo
100%
1984 Houston Rockets Hakeem Olajuwon
100%
2009 Oklahoma City Thunder James Harden
100%
2019 Memphis Grizzlies Ja Morant
100%
1994 Dallas Mavericks Jason Kidd
100%
2017 Boston Celtics Jayson Tatum
100%
1960 Los Angeles Lakers Jerry West
100%
1972 Milwaukee Bucks Julius Erving
100%
1969 Milwaukee Bucks Kareem Abdul-Jabbar
100%
2011 Indiana Pacers Kawhi Leonard
100%
2007 Seattle Supersonics/Oklahoma City Thunder Kevin Durant
100%
1995 Minnesota Timberwolves Kevin Garnett
100%
1980 Boston Celtics Kevin McHale
100%
2011 Golden State Warriors Klay Thompson
100%
2011 Cleveland Cavaliers Kryie Irving
100%
2020 Charlotte Hornets Lamelo Ball
100%
1978 Boston Celtics Larry Bird
100%
2018 Atlanta Hawks Luka Doncic
100%
1979 Los Angeles Lakers Magic Johnson
100%
1984 Chicago Bulls Michael Jordan
100%
2014 Denver Nuggets Nikola Jokic
100%
2010 Indiana Pacers Paul George
100%
1998 Boston Celtics Paul Pierce
100%
1996 Minnesota Timberwolves Ray Allen
100%
2008 Seattle Supersonics/Oklahoma City Thunder Russell Westbrook
100%
1992 Orlando Magic Shaquille O'Neal
100%
2009 Golden State Warriors Steph Curry
100%
1996 Dallas Mavericks Steve Nash
100%
1997 San Antonio Spurs Tim Duncan
100%
2019 New Orleans Pelicans Zion Williamson
100%
1950 Boston Celtics Bob Cousy
90%
2021 Detroit Pistons Cade Cunningham
90%
2012 Portland Trail Blazers Damian Lillard
90%
1987 San Antonio Spurs David Robinson
90%
2015 Pheonix Suns Devin Booker
90%
2004 Orlando Magic Dwight Howard
90%
1990 Seattle Supersonics/Oklahoma City Thunder Gary Payton
90%
1994 Milwaukee Bucks Glenn Robinson
90%
1981 Detroit Pistons Isiah Thomas
90%
2014 Philladelphia 76ers Joel Embiid
90%
1984 Utah Jazz John Stockton
90%
2015 Minnesota Timberwovles Karl-Anthony Towns
90%
1985 Utah Jazz Karl Malone
90%
2008 Memphis Grizzlies Kevin Love
90%
1996 Charlotte Hornets Kobe Bryant
90%
2006 Memphis Grizzlies Kyle Lowry
90%
2003 Cleveland Cavaliers LeBron James
90%
2007 Los Angeles Lakers Marc Gasol
90%
1960 Cincinnati Royals/Sacramento Kings Oscar Robertson
90%
1985 New York Knicks Patrick Ewing
90%
2001 Atlanta Hawks Pau Gasol
90%
1997 Toronto Raptors Tracy McGrady
90%
1998 Golden State Warriors Vince Carter
90%
1959 Philladelphia/Golden State Warriors Wilt Chamberlain
90%
2002 Pheonix Suns Amar'e Stoudemire
80%
2004 Philladelphia 76ers Andre Iguodala
80%
1974 Portland Trail Blazers Bill Walton
80%
1954 Milwaukee/Atlanta Hawks Bob Pettit
80%
1984 Philladelphia 76ers Charles Barkley
80%
1983 Portland Trail Blazers Clyde Drexler
80%
1949 Minneapolis/Los Angeles Lakers George Mikan
80%
2022 Orlando Magic Paolo Banchero
80%
1987 Indiana Pacers Reggie Miller
80%
1965 San Francisco/Golden State Warriors Rick Barry
80%
1976 Golden State Warriors Robert Parish
80%
1987 Seattle Supersonics/Oklahoma City Thunder Scottie Pippen
80%
1989 Seattle Supersonics/Oklahoma City Thunder Shawn Kemp
80%
1989 Golden State Warriors Tim Hardaway
80%
1986 Detroit Pistons Dennis Rodman
70%
1970 Atlanta Hawks Pete Maravich
70%
1995 Washington Bullets/Wizards Rasheed Wallace
70%
1968 Baltimore Bullets/Washington Wizards Wes Unseld
70%
2002 Houston Rockets Yao Ming
70%
1992 Charlotte Hornets Alonzo Mourning
60%
1972 Buffalo Braves/Los Angeles Clippers Bob McAdoo
60%
1993 Orlando Magic Chris Webber
60%
1991 Denver Nuggets Dikembe Mutombo
60%
1982 Utah Jazz Dominique Wilkins
60%
1958 Minneapolis/Los Angeles Lakers Elgin Baylor
60%
1968 San Diego/Houston Rockets Elvin Hayes
60%
2001 Golden States Warriors Gilbert Arenas
60%
1994 Detroit Pistons Grant Hill
60%
1982 Los Angeles Lakers James Worthy
60%
1985 Detroit Pistons Joe Dumars
60%
1962 Boston Celtics John Havlicek
60%
2007 Memphis Grizzlies Mike Conley
60%
1979 Milwaukee Bucks Sydney Moncrief
60%
1967 New York Knicks Walt Frazier
60%
1977 New Jersey/Brooklyn Nets Bernard King
50%
1970 Boston Celtics Dave Cowens
50%
2017 Denver Nuggets Donovan Mitchell
50%
2011 Chicago Bulls Jimmy Butler
50%
1971 Chicago Bulls Artis Gilmore
40%
1979 Cleveland Cavaliers Bill Laimbeer
40%
1999 San Antonio Spurs Manu Ginobli
40%
2013 Denver Nuggets Rudy Gobert
40%
1993 Houston Rockets Sam Cassell
40%
1976 Milwaukee Bucks Alex English
30%
2003 New Jersey/Brooklyn Nets Kyle Korver
30%
1999 Chicago Bulls Metta World Peace/Ron Artest
30%
1976 Buffalo Braves/Los Angeles Clippers Adrian Dantley
20%
1977 Seattle Supersonics/Oklahoma City Thunder Jack Sikma
20%
1979 Phoenix Suns Mark Eaton
20%
1978 Philladelphia 76ers Maurice Cheeks
20%
1970 Cincinnati Royals/Sacramento Kings Tiny Archibald
20%
1977 Boston Celtics Cedric Maxwell
10%
1970 Detroit Pistons Dan Issel
10%
1982 Portland Trail Blazers Fat Lever
10%
2006 Chicago Bulls LaMarcus Alridge
10%
No matching quizzes found
Score Distribution
Percent of People with Each Score
Percentile by Number Answered
Your Score History
You have not taken this quiz